Normal view
MARC view
- Solar energy
Entry Topical Term
001 - CONTROL NUMBER
- control field: 106567
003 - CONTROL NUMBER IDENTIFIER
- control field: NUST
005 - DATE AND TIME OF LATEST TRANSACTION
- control field: 20221231151921.0
008 - FIXED-LENGTH DATA ELEMENTS
- fixed length control field: 221231|| aca||aabn | a|a d
040 ## - CATALOGING SOURCE
- Original cataloging agency: NUST
- Transcribing agency: NUST
150 ## - HEADING--TOPICAL TERM
- Topical term or geographic name entry element: Solar energy
- General subdivision: Technological innovations
670 ## - SOURCE DATA FOUND
- Source citation: Work cat.: (NUST)183734: Tiwari, G. N. 3441, Solar thermal engineering systems /, 1997.
